| 000 | 01015nam a22001817a 4500 | ||
|---|---|---|---|
| 999 |
_c58041 _d58041 |
||
| 003 | Ge_BSU | ||
| 005 | 20210518171406.0 | ||
| 008 | 210518s1985 ge ||||| |||| 00| 0 geo d | ||
| 041 | _ageo | ||
| 080 | _a621.3(076.5)(072) მ - 46 | ||
| 245 |
_aმეთოდური მითითებები ლაბორატორიული სამუშაოების შესასრულებლად ელექტროტექნიკასა და ელექტრონიკის საფუძვლებში : _bნაწილი 1 / _cსაქ. სსრ უმაღ. და საშ. სპეც. განათ. სამ., სპი. |
||
| 264 |
_aთბილისი, _c1985. |
||
| 300 |
_a84 გვ. _b20 სმ. |
||
| 653 | _a ელექტროტექნიკა | ||
| 653 | _aელექტრონიკა | ||
| 710 |
_aსაქ. სსრ უმაღ. და საშ. სპეც. განათ. სამ., სპი. _911835 |
||
| 942 |
_2udc _cBK |
||